Top 100 Biggest Cities in Countries that Start with D and F - Statistics

General Stats
  • This quiz has been taken 294 times
    287 since last reset
  • The average score is 41 of 100
Answers on the Map
Answers color-coded by a green-red scale on the quiz's map according to % correct below.
 
Answer Stats
Country City Population % Correct
France Paris 2,187,526
98%
Finland Helsinki 653,835
96%
France Lyon 516,092
96%
Denmark Copenhagen 1,330,993
95%
D. R. Congo Kinshasa 8,900,721
94%
France Marseille 863,310
94%
France Nice 340,017
94%
Dominican Republic Santo Domingo 2,581,827
92%
France Bordeaux 254,436
91%
France Lille 232,787
87%
France Toulouse 479,553
87%
France Strasbourg 280,966
84%
Djibouti Djibouti 475,322
83%
France Nantes 309,346
83%
Denmark Aarhus 280,534
80%
France Brest 140,064
71%
France Montpellier 285,121
69%
Denmark Aalborg 117,351
68%
France Rennes 216,815
68%
France Dijon 156,920
67%
Fiji Suva 185,913
67%
Finland Tampere 238,140
66%
Finland Oulu 205,489
63%
D. R. Congo Lubumbashi 1,630,186
62%
France Grenoble 158,454
61%
Finland Espoo 289,731
60%
France Le Havre 170,147
60%
France Reims 182,460
59%
France Saint-Étienne 172,565
59%
Finland Turku 192,962
59%
France Rouen 110,145
58%
France Orléans 116,685
57%
Denmark Odense 180,302
56%
France Toulon 171,953
56%
France Tours 135,787
54%
France Caen 105,354
52%
France Nancy 104,286
52%
France Saint-Denis 111,135 | 147,931
51%
France Metz 116,429
50%
France Le Mans 142,946
49%
France Nîmes 150,610
49%
France Angers 152,960
47%
D. R. Congo Mbuji-Mayi 1,559,073
46%
France Amiens 134,057
45%
France Clermont-Ferrand 143,886
45%
France Limoges 132,175
42%
France Perpignan 120,158
42%
D. R. Congo Kisangani 868,672
39%
France Mulhouse 109,443
39%
France Aix-en-Provence 142,482
36%
D. R. Congo Goma 377,112
35%
Finland Vantaa 233,775
34%
D. R. Congo Kananga 967,007
33%
France Villeurbanne 147,712
32%
France Besançon 115,934
30%
France Annecy 126,924
29%
Finland Jyväskylä 142,400
27%
Finland Lahti 119,823
27%
France Roubaix 96,990
26%
Finland Kuopio 119,282
25%
D. R. Congo Bukavu 1,012,053
23%
Dominican Republic Santiago de los Caballeros 550,753
22%
France Argenteuil 110,210
21%
France Saint-Paul 104,519
18%
France Montreuil 109,897
17%
France Boulogne-Billancourt 120,071
16%
D. R. Congo Kolwezi 451,168
16%
D. R. Congo Likasi 422,535
16%
D. R. Congo Matadi 291,338
16%
France Nanterre 95,105
16%
D. R. Congo Mbandaka 324,236
15%
D. R. Congo Boma 167,326
14%
D. R. Congo Kikwit 370,328
14%
Dominican Republic La Romana 224,882
13%
Dominican Republic Puerto Plata 118,496
13%
France Tourcoing 97,368
13%
D. R. Congo Tshikapa 524,293
13%
D. R. Congo Beni 95,407
12%
D. R. Congo Bunia 327,837
12%
D. R. Congo Butembo 204,452
12%
Dominican Republic Higüey 147,978
10%
D. R. Congo Kabinda 192,364
10%
Dominican Republic La Vega 104,536
10%
D. R. Congo Uvira 337,488
10%
D. R. Congo Bandundu 137,460
9%
D. R. Congo Kalemie 92,400
9%
D. R. Congo Kamina 143,753
9%
D. R. Congo Kindu 163,587
9%
D. R. Congo Mwene-Ditu 190,718
9%
Dominican Republic San Cristóbal 138,455
9%
Dominican Republic San Pedro de Macorís 185,255
9%
D. R. Congo Gemena 132,971
8%
D. R. Congo Baraka 115,289
7%
D. R. Congo Bumba 103,328
7%
D. R. Congo Mbanza-Ngungu 97,037
7%
Dominican Republic San Francisco de Macorís 132,725
7%
D. R. Congo Gandajika 140,556
6%
D. R. Congo Kipushi 121,831
6%
Dominican Republic Los Alcarrizos 245,269
5%
No matching quizzes found
Score Distribution
Percent of People with Each Score
Percentile by Number Answered
Your Score History
You have not taken this quiz since the last reset